Normal view
MARC view
- Rana, Ahsaan
Entry Personal Name
001 - CONTROL NUMBER
- control field: 15277
003 - CONTROL NUMBER IDENTIFIER
- control field: NUST
005 - DATE AND TIME OF LATEST TRANSACTION
- control field: 20190621061831.0
008 - FIXED-LENGTH DATA ELEMENTS
- fixed length control field: 190621|| aca||aabn | a|a d
040 ## - CATALOGING SOURCE
- Original cataloging agency: NUST
- Transcribing agency: NUST
100 ## - HEADING--PERSONAL NAME
- Personal name: Rana, Ahsaan
670 ## - SOURCE DATA FOUND
- Source citation: Work cat.: (NUST): Rana, Ahsaan, Nazraan Kithy Thehr Diyaan /, 2015.
